header

Gender and ageing (Record no. 132597)

MARC details
000 -LEADER
fixed length control field 01406nam a2200361 a 4500
100 1# - MAIN ENTRY--AUTHOR NAME
Personal name Arber, Sara,
245 10 - TITLE STATEMENT
Title Gender and ageing
260 ## - PUBLICATION, DISTRIBUTION, ETC. (IMPRINT)
Place of publication Maidenhead, England ;
-- Philadelphia :
Name of publisher Open University Press,
Year of publication 2003.
300 ## - PHYSICAL DESCRIPTION
Number of Pages xii, 213 p. :
Other physical details ill.
650 #0 - SUBJECT ADDED ENTRY--TOPICAL TERM
Topical Term Older people
Topical Term Gender identity.
Topical Term Middle-aged persons
Topical Term Man-woman relationships.
700 1# - ADDED ENTRY--PERSONAL NAME
Personal name Davidson, Kate.
Personal name Ginn, Jay.
856 40 - ELECTRONIC LOCATION AND ACCESS
Uniform Resource Identifier http://site.ebrary.com/lib/rucke/Doc?id=10161337

No items available.

© 2026 Rongo University
Contact us: librarian | system librarian | Rongo university